000 00676nam a2200205 i 4500
001 75725
003 ES-MaACL
005 20230906172555.0
007 t|
008 040927s1951 sp ||||1| spa d
245 0 0 _aGrandes escritores rusos /
_cestudio preliminar por Pablo Schostakovsky ; traducciones de Nina Maganov.
260 _aBarcelona :
_bExito,
_c[1951] (
_fS.G. de publicaciones)
300 _aXXX, 495 p., 1 lám ;
_c21 cm.
490 1 _aClásicos Jackson ;
_v19
700 1 _aSchostakovsky, Pablo.
_9104669
700 1 _aMaganov, Nina.
_975442
830 0 _aClásicos Jackson ;
_v19
_9186380
852 _aES-MaACL
_jD-8202
_bR.32662
999 _c75725
_d75725